| 000 -LEADER |
| fixed length control field |
00949nam a22001817a 4500 |
| 005 - DATE AND TIME OF LATEST TRANSACTION |
| control field |
20241004131630.0 |
| 008 - FIXED-LENGTH DATA ELEMENTS--GENERAL INFORMATION |
| fixed length control field |
241004b ||||| |||| 00| 0 eng d |
| 040 ## - CATALOGING SOURCE |
| Transcribing agency |
SSBUL |
| 041 ## - LANGUAGE CODE |
| Language code of text/sound track or separate title |
Myanmar |
| 082 ## - DEWEY DECIMAL CLASSIFICATION NUMBER |
| Edition number |
23 |
| Classification number |
၂၉၄.၃၀၉၂ ဆွေ |
| Item number |
၁၃၁၉၀ S-SAT |
| 100 0# - MAIN ENTRY--PERSONAL NAME |
| Personal name |
ဆွေယင်းမာ(ရန်ကုန်တက္ကသိုလ်) |
| 9 (RLIN) |
54868 |
| 245 1# - TITLE STATEMENT |
| Title |
မြတ်ဗုဒ္ဓသာသနာနှင့် ရှင်ဓမ္မဒဿီဘွဲ့ခံ ရှင်အရဟံ / |
| Statement of responsibility, etc. |
ဆွေယင်းမာ(ရန်ကုန်တက္ကသိုလ်)။ |
| 260 ## - PUBLICATION, DISTRIBUTION, ETC. |
| Place of publication, distribution, etc. |
ရန်ကုန် ၊ |
| Name of publisher, distributor, etc. |
တူဒေးစာအုပ်တိုက်၊ |
| Date of publication, distribution, etc. |
၂၀၀၅။ |
| 300 ## - PHYSICAL DESCRIPTION |
| Extent |
၁၁၄ စာမျက်နှာ ၊ |
| Dimensions |
၂၃ စင်တီ။ |
| 500 ## - GENERAL NOTE |
| General note |
S-SAT: Prof. Dr. Sai Aung Tun |
| 650 ## - SUBJECT ADDED ENTRY--TOPICAL TERM |
| Topical term or geographic name entry element |
ရှင်အရဟံ |
| General subdivision |
အတ္ထုပ္ပတ္တိ |
| 9 (RLIN) |
54869 |
| 942 ## - ADDED ENTRY ELEMENTS (KOHA) |
| Source of classification or shelving scheme |
|
| Koha item type |
Book (Short term) |